书目信息 |
| 题名: |
路由交换技术与网络安全
|
|
| 作者: | 卢宏才 , 成思豪 , 牛泉林 主编 | |
| 分册: | ||
| 出版信息: | 北京 北京希望电子出版社 2019.7 |
|
| 页数: | 202页 | |
| 开本: | 26cm | |
| 丛书名: | ||
| 单 册: | ||
| 中图分类: | TN915.05 , TP393.08 | |
| 科图分类: | ||
| 主题词: | 计算机网络--路由选择 , 计算机网络--网络安全 | |
| 电子资源: | ||
| ISBN: | 978-7-83002-697-4 | |
| 000 | 01103nam0 2200277 45 | |
| 001 | 012001000251 | |
| 005 | 20131105153713.0 | |
| 010 | @a978-7-83002-697-4@dCNY38.00 | |
| 100 | @a20190626d2019 em y0chiy0110 ea | |
| 101 | 0 | @achi |
| 102 | @aCN@b110000 | |
| 105 | @ay z 000yy | |
| 106 | @ar | |
| 200 | 1 | @a路由交换技术与网络安全@Alu you jiao huan ji shu yu wang luo an quan@f卢宏才,成思豪,牛泉林主编 |
| 210 | @a北京@c北京希望电子出版社@d2019.7 | |
| 215 | @a202页@d26cm | |
| 330 | @a路由技术是互联网络必不可少的核心技术。本书根据人才培养目标、专业建设方案等方面的专业课程标准,以强化专业技能培养为目标,安排教材内容。本书共10章,内容包括计算机网络概述、IP编址、VRP基础、交换机基础、STP和RSTP、路由、VLAN原理及配置、防火墙技术、计算机网络安全技术和网络地址转化技术。 | |
| 606 | 0 | @a计算机网络@x路由选择 |
| 606 | 0 | @a计算机网络@x网络安全 |
| 690 | @aTN915.05@v5 | |
| 690 | @aTP393.08@v5 | |
| 701 | 0 | @a卢宏才@Alu hong cai@4主编 |
| 701 | 0 | @a成思豪@Acheng si hao@4主编 |
| 701 | 0 | @a牛泉林@Aniu quan lin@4主编 |
| 801 | 0 | @aCN@b北京卓展文化@c20191020 |
| 905 | @b1195775-7@dTN915.05@e199@f3 | |
| 路由交换技术与网络安全/卢宏才,成思豪,牛泉林主编.-北京:北京希望电子出版社,2019.7 |
| 202页;26cm |
| ISBN 978-7-83002-697-4:CNY38.00 |
| 路由技术是互联网络必不可少的核心技术。本书根据人才培养目标、专业建设方案等方面的专业课程标准,以强化专业技能培养为目标,安排教材内容。本书共10章,内容包括计算机网络概述、IP编址、VRP基础、交换机基础、STP和RSTP、路由、VLAN原理及配置、防火墙技术、计算机网络安全技术和网络地址转化技术。 |
| ● |
| 相关链接 |
|
|
|
|
正题名:路由交换技术与网络安全
索取号:TN915.05/199
 
预约/预借
| 序号 | 登录号 | 条形码 | 馆藏地/架位号 | 状态 | 备注 |
| 1 | 1195775 | 211957756 | 第二样本阅览室/ [索取号:TN915.05/199] | 在馆 | |
| 2 | 1195776 | 211957765 | 第三借阅区/ [索取号:TN915.05/199] | 在馆 | |
| 3 | 1195777 | 211957774 | 第三借阅区/ [索取号:TN915.05/199] | 在馆 |